Cliquez sur les départements en H sur une carte - Statistiques

Statistiques générales
  • Ce quiz a été pris 79 fois
  • Le résultat moyen est 10 sur 12
Réponses sur la Carte
Les réponses sont colorées sur une échelle allant du rouge au vert en fonction du pourcentage des utilisateurs qui les ont devinées à leur premier essai. Vous pouvez retrouver ces pourcentages ci-dessous.
 
Statistiques - réponses
Réponse % Correct
Haute-Corse
96%
Haut-Rhin
93%
Haute-Savoie
88%
Hérault
88%
Haute-Garonne
86%
Hautes-Alpes
86%
Hautes-Pyrénées
84%
Haute-Loire
78%
Haute-Vienne
71%
Hauts-de-Seine
71%
Haute-Marne
70%
Haute-Saône
65%
Aucun quiz correspondant
Distribution des résultats
% des personnes avec chaque résultat
Percentile par nombre de réponses
Votre historique - résultats
Vous n’avez pas pris ce quiz